ARRUPE JESUIT UNIVERSITY

CORONAVIRUS -STOP THE SPREAD - CLEAN,DISINFECT,COVER

De anima (Record no. 2564)

MARC details
000 -LEADER
fixed length control field 00579nam a2200253Ia 4500
003 - CONTROL NUMBER IDENTIFIER
control field 0100
008 - FIXED-LENGTH DATA ELEMENTS--GENERAL INFORMATION
fixed length control field 130227s9999 xx 000 0 und d
020 ## - INTERNATIONAL STANDARD BOOK NUMBER
International Standard Book Number 0198240856
040 ## - CATALOGING SOURCE
Transcribing agency ARRUPELIB
050 ## - LIBRARY OF CONGRESS CALL NUMBER
Classification number B415.A5H28 1993
100 ## - MAIN ENTRY--PERSONAL NAME
Personal name Aristotle
245 ## - TITLE STATEMENT
Title De anima
245 ## - TITLE STATEMENT
Remainder of title Books II & III
260 ## - PUBLICATION, DISTRIBUTION, ETC. (IMPRINT)
Place of publication, distribution, etc Oxford
260 ## - PUBLICATION, DISTRIBUTION, ETC. (IMPRINT)
Name of publisher, distributor, etc Clarendon Press
260 ## - PUBLICATION, DISTRIBUTION, ETC. (IMPRINT)
-- 1993
300 ## - PHYSICAL DESCRIPTION
Extent xviii
300 ## - PHYSICAL DESCRIPTION
Other physical details 194p 22cm
440 ## - SERIES STATEMENT/ADDED ENTRY--TITLE
Title Clarendon Aristotle series
650 ## - SUBJECT ADDED ENTRY--TOPICAL TERM
Topical term following geographic name as entry element Monastic life
650 ## - SUBJECT ADDED ENTRY--TOPICAL TERM
Location of event Religious life
700 ## - ADDED ENTRY--PERSONAL NAME
Personal name Hamlyn, D. W. (tr)
942 ## - ADDED ENTRY ELEMENTS (KOHA)
Source of classification or shelving scheme Library of Congress Classification
Koha issues (borrowed), all copies 1
Holdings
Withdrawn status Lost status Source of classification or shelving scheme Damaged status Not for loan Collection code Home library Current library Shelving location Date acquired Total Checkouts Full call number Barcode Date last seen Date last borrowed Copy number Price effective from Koha item type
    Library of Congress Classification     Main Collection ARRUPE LIBRARY ARRUPE LIBRARY   27/02/2013 1 B415.A5H28 1993 46403584 06/11/2017 23/10/2017 1 27/02/2013 Monograph ( Printed materials)
    Library of Congress Classification     Main Collection ARRUPE LIBRARY ARRUPE LIBRARY   04/03/2013 6 B415.A5L39 1986 46003010404 17/12/2024 18/11/2024 2 04/03/2013 Monograph ( Printed materials)
    Library of Congress Classification     Main Collection ARRUPE LIBRARY ARRUPE LIBRARY   07/03/2013 1 B415.A5H52 1907 46003051767 07/03/2017 04/03/2017 3 07/03/2013 Monograph ( Printed materials)

 

Arrupe Library. PO Box MP320 Mt Pleasant, Harare, Zimbabwe
263 242 745411|librarian@aju.ac.zw